000
00276nam a2200109Ia 4500
008
220204s9999 xx 000 0 und d
082
_a
631/635
_b
ADV.50
245
0
_a
Advances in agronomy. V 50
260
_a
Nerw York
_b
Academic
_c
1993
650
_a
Sulfur nutrient
942
_c
BK
999
_c
40545
_d
40545